Empleos verdes una aproximacin̤ desde el Derecho del Trabajo /

Detalles Bibliográficos
Autor principal: ℓlvarez Cuesta, Henar
Formato: eBook
Lenguaje:español
Publicado: Albacete: Editorial Bomarzo, 2016
Materias:
Acceso en línea:Acceso restringido

MARC

LEADER 00000nam a22000007a 4500
005 2017091203233.0
007 cr|||| ||||
008 170912s2016 es |||||s|||| 00||0 spa d
020 |a 978-84-16608-31-7 
035 |a 20593 
040 |a vLex 
090 |c 6961  |d 6961 
100 1 |a ℓlvarez Cuesta, Henar 
245 1 0 |a Empleos verdes  |h [Recurso electrn̤ico] :  |b una aproximacin̤ desde el Derecho del Trabajo /  |c Henar ℓlvarez Cuesta 
256 |a Servicio en ln̕ea 
260 |a Albacete:  |b Editorial Bomarzo,  |c 2016 
300 |a 1 recurso electrn̤ico 
506 1 |a Disponible solo en los productos indicados  |d vLex Global  |d vLex Global (Academic Edition, excluding Law Schools)  |d vLex Global (U.S. Academic Edition, Law Schools)  |d vLex Global (U.S. Academic Edition, excluding Law Schools)  |d vLex Global (Academic Edition, Law Schools) 
650 0 4 |a Derecho Laboral y Seguridad Social  |z Espaą 
740 0 |a vLex Libros (Servicio en ln̕ea) 
856 4 0 |u http://vlex.com/source/empleos-verdes-20593  |z Acceso restringido 
942 |c BOOK 
999 0 |a Labor law and social security